| 000 | 01389nam0a2200325 4500 | ||
|---|---|---|---|
| 001 | RU\NLR\BIBL_A\011963555 | ||
| 005 | 20190412153531.0 | ||
| 021 |
_aRU _bКН-П-19-011817 _9КН-П-19-0882 |
||
| 035 | _a(NLR Aleph) 011963555 | ||
| 035 | _a(RuMoRGB)009898406 | ||
| 090 |
_a11217642 _c11217642 |
||
| 100 | _a20190319d2018 u y0rusy50 ca | ||
| 101 | 0 | _arus | |
| 102 | _aRU | ||
| 105 | _aach|z|||010zy | ||
| 200 | 1 |
_aПутинизм _e[сборник] _fСтанислав Стулов _gТень, независимая региональная газета |
|
| 210 |
_aДмитров _cТень _d2018 |
||
| 215 |
_a250 с., [19] л. ил., портр., факс. _cпортр. _d21 |
||
| 300 | _aНа тит. л.: 20 лет газете "Тень" | ||
| 600 | 1 |
_aСтулов _bС.С. _f1960 _gСтанислав Сергеевич _jСборники _92171123 _3RU\NLR\AUTH\6601542525 |
|
| 606 | 1 |
_aОбщественная мысль _yРоссийская Федерация _92086362 _3RU\NLR\AUTH\661262495 |
|
| 686 | 1 | _aТ3(2)74-72я44 | |
| 686 | 1 | _aЧ612.3(2Р-4Мо)7-8Стулов.я44 | |
| 700 | 1 |
_aСтулов _bС. С. _f1960- _gСтанислав Сергеевич |
|
| 942 | _cBOOK | ||
| 980 | _aNBR | ||
| 980 | _aNB | ||